000 01014nam a2200325 a 4500
003 AR-BaBNM
005 20251128203325.0
008 082120s2002 ||||||||||||||000 | spa||
020 _a84-7100-251-5
040 _cAR-BaBNM
100 1 _aMedina, Miguel Angel
245 0 0 _aLos dominicos en América
_bpresencia y actuación de los dominicos en la América colonial española de los siglos XVI-XIX
250 _a1ª ed.
260 _aMadrid
_bMapfre
_c1992
300 _a353 p.
_bmapas, il.,láms.
490 0 _aIglesia católica en el nuevo mundo
_vv. 1
500 _aApéndices para consultar p. 327-340.
650 4 _aMISIONES RELIGIOSAS
650 4 _aHISTORIA DE LAS RELIGIONES
650 4 _aABORIGENES
650 4 _aIGLESIA
650 4 _aHISTORIA SOCIAL
650 4 _aHISTORIA DE LAS COSTUMBRES
650 4 _aPERIODO HISPANICO
651 4 _aAmérica Latina
800 1 _aGallego, José Andrés
_ecoordinador
800 1 _aHera, Alberto de la
_edirector
942 _cBK
998 _cmariana
999 _c2901
_d2901